MESTSKÁ KNIŽNICA GIRALTOVCE  - online katalóg 

Červená kráľovná (Record no. 23380)

000 -NÁVESTIE
fixed length control field 00962nam a2200301 4500
001 - EVIDENČNÉ ČÍSLO ZÁZNAMU - Kontrolné číslo
control field vtls012144081
005 - DÁTUM A ČAS POSLEDNEJ TRANSAKCIE
control field 20221006111614.0
008 - ÚDAJE S PEVNOU DĹŽKOU – VŠEOBECNÉ INFORMÁCIE
fixed length control field 220718s2022 xo g 000 f slo
020 ## - MEDZINÁRODNÉ ŠTANDARDNÉ ČÍSLO KNIHY (ISBN)
Medzinárodné štandardné číslo knihy (ISBN) 9788081642708
Qualifying information (viazané)
040 ## - ZDROJ KATALOGIZÁCIE
Pôvodná katalogizujúca agentúra SNK
Jazyk katalogizácie slo
Prepisujúca agentúra SNK
Konvencie popisu rda
041 1# - KÓD JAZYKA
Kód jazyka textu/zvukovej stopy alebo samostatných nápisov slo
Kód jazyka originálu a/alebo sprostredkujúcich prekladov textu eng
044 ## - KÓD KRAJINY VYDAVATEĽA/PRODUCENTA
Kód krajiny MARC xo
Kód krajiny ISO SK
072 #7 - KÓD PREDMETOVEJ KATEGÓRIE
Zdroj konspekt
080 ## - ČÍSLO MEDZINÁRODNÉHO DESATINNÉHO TRIEDENIA (MDT)
Identifikátor vydania 2011
100 1# - OSOBNÉ MENÁ – VŠEOBECNÉ INFORMÁCIE
Osobné meno Aveyard, Victoria,
Dátumy súvisiace s menom 1990-
Kód roly aut
-- 3565
240 10 - UNIFIKOVANÝ NÁZOV
Unifikovaný názov Red Queen
Jazyk diela Slovensky
245 10 - NÁZOV
Názov Červená kráľovná
Zvyšok názvu svet rozdelený krvou
Údaj o zodpovednosti atď. Victoria Aveyard ; preložil: Slavomír Hrivnák
250 ## - ÚDAJ O PORADÍ VYDANIA
Údaj o poradí vydania Vydanie druhé
264 #1 - VYDAVATEĽSKÉ ÚDAJE, DISTRIBÚCIA ATĎ. - RDA
Miesto publikovania, distribúcie atď. [Bratislava]
Názov vydavateľa, distibútora atď. Motýľ
Dátum publikovania, distribúcie atď. 2022
300 ## - FYZICKÝ POPIS
Rozsah 347 strán
Rozmery 21 cm
336 ## - TYP OBSAHU
Typ obsahu - termín text
Typ obsahu - kód txt
Zdroj rdacontent
337 ## - TYP MÉDIA
Typ média - termín bez média
Typ média - kód n
Zdroj rdamedia
338 ## - TYP NOSIČA
Typ nosiča - termín zväzok
Typ nosiča - kód nc
Zdroj rdacarrier
500 ## - VŠEOBECNÁ POZNÁMKA
Formátovaná poznámka o obsahu Miesto vydania podľa ISBN
500 ## - VŠEOBECNÁ POZNÁMKA
Formátovaná poznámka o obsahu Na obale hore uvedené: 1 New York Times Bestseller
500 ## - VŠEOBECNÁ POZNÁMKA
Formátovaná poznámka o obsahu Preložené z angličtiny
700 1# - PRIDANÝ VSTUP – OSOBNÉ MENO
Osobné meno Hrivnák, Slavomír
Kód roly trl
-- 3566
Holdings
Stav stiahnutia (Blokovanie) (Withrawn status) Stav straty Zdroj klasifikácie pre skladovanie Stav poškodenia (Damaged status) Nie pre výpožičky (Not for loan) Spôsob nadobudnutia (Collection code) Trvalé umiestnenie Aktuálne umiestnenie Dátum nadobudnutia Náklady, bežná kúpna cena Inventárne číslo (prírastkové číslo) Celkom výpožičky Full call number Čiarový kód Dátum posledného výskytu Dátum poslednej výpôžičky Cena s účinnosťou od Typ jednotky Koha
          Kúpa Mestská knižnica Giraltovce Mestská knižnica Giraltovce 2022-10-06 12.00 21713 3 B10524 B10524 2024-11-25 2024-09-27 2022-10-06 Krásna literatúra pre dospelých

Powered by Koha